000 00664nam a2200241 a 4500
001 BRL_1546
005 20190320211245.0
008 030314s1980----u--aob####---#000-0#eng-#
020 _a0292750501
041 _aeng
044 _au
050 4 _aF1219.3.M4
_b.C67 1980
100 1 _aCordry, Donald Bush
_9413
245 1 0 _aMexican Masks
_cby Donald Cordry.
260 _aAustin
_bUniversity of Texas
_c1980
300 _axxiv, 280 p.
_bil., fotografías, mapas
_c28 cm.
500 _aAu1783
500 _aEstado físico: Camisa desgarrada.
504 _aBibliografía: p. 260-266
650 1 4 _aMáscaras
_zMéxico
_94284
902 _aGRL
942 _2lcc
_cB
999 _c10355
_d10355